Jatidiri & erti hidup : (Record no. 161712)

MARC details
000 -LEADER
fixed length control field 00660nam a2200241 i 4500
001 - CONTROL NUMBER
control field C2-0219066
003 - CONTROL NUMBER IDENTIFIER
control field PPAK
005 - DATE AND TIME OF LATEST TRANSACTION
control field 20180728111341.0
008 - FIXED-LENGTH DATA ELEMENTS--GENERAL INFORMATION
fixed length control field 990822s1998 my |||| ||||| | may d
020 ## - INTERNATIONAL STANDARD BOOK NUMBER
International Standard Book Number 983931534X
040 ## - CATALOGING SOURCE
Original cataloging agency PPAK
Language of cataloging eng
Transcribing agency PPAK
Description conventions rda
082 04 - DEWEY DECIMAL CLASSIFICATION NUMBER
Classification number 305.235
Edition number 23
090 00 - LOCALLY ASSIGNED LC-TYPE CALL NUMBER (OCLC); LOCAL CALL NUMBER (RLIN)
Classification number (OCLC) (R) ; Classification number, CALL (RLIN) (NR) 305.235
Feature heading ZUL
Feature heading G
100 0# - MAIN ENTRY--PERSONAL NAME
Personal name Zulkifilee Yazid,
Relator term author
245 10 - TITLE STATEMENT
Title Jatidiri & erti hidup :
Remainder of title isu psikologi remaja masakini
264 #1 - PRODUCTION, PUBLICATION, DISTRIBUTION, MANUFACTURE, AND COPYRIGHT NOTICE
Place of production, publication, distribution, manufacture Batu Caves, Selangor :
Name of producer, publisher, distributor, manufacturer Albaz ,
Date of production, publication, distribution, manufacture, or copyright notice 1998
300 ## - PHYSICAL DESCRIPTION
Extent 140 pages ;
Dimensions 23 cm
336 ## - CONTENT TYPE
Source rdacontent
Content type term text
337 ## - MEDIA TYPE
Source rdamedia
Media type term unmediated
338 ## - CARRIER TYPE
Source rdacarrier
Carrier type term volume
650 10 - SUBJECT ADDED ENTRY--TOPICAL TERM
Topical term or geographic name entry element Youth
942 ## - ADDED ENTRY ELEMENTS (KOHA)
-- dc
Koha item type Book
Holdings
Withdrawn Not for loan Current library Shelving location Date acquired Total Checkouts Full call number Barcode Date last seen Date last checked out Koha item type
    Perpustakaan Alor Setar Pinjaman Dewasa 10/09/2000 1 305.235 ZUL A00942110 01/08/2018 19/07/2018 Book
    Perpustakaan Awam Sungai Petani Pinjaman Dewasa 10/09/2000   305.235 ZUL A00942111 01/06/2018   Book
    Perpustakaan Kulim Pinjaman Dewasa 10/09/2000 3 305.235 ZUL A00942114 19/08/2023 24/07/2023 Book
    Perpustakaan Yan Pinjaman Dewasa 10/09/2000   305.235 ZUL A00942115 01/06/2018   Book
    PD29, Kg. Gajah Putih, Sik Pinjaman Dewasa 22/10/2000   305.235 ZUL A00944057 01/06/2018   Book